00205nam a2200073Ia 4500082001500000245002600015100004900041008004100090 aLP EF BENS 0aNever dream of dying  a BENSON, Raymond Bath, 2001 LARGE PRINT 210817s9999 xx 000 0 und d